| 000 | 00603nam a2200133Ia 4500 | ||
|---|---|---|---|
| 005 | 20260209120151.0 | ||
| 008 | 260209s9999||||xx |||||||||||||| ||und|| | ||
| 100 | _aSyed Ameen Inamdar | ||
| 245 | 0 | _aRescuing the principle of bail, not jail’ : a comprehensive analysis of India’s bail jurisprudence and proposals for restoring the presumption of innocence | |
| 260 |
_aBangaloreBangalore _bNLSIU, Bangalore _c2023 - 2024 |
||
| 300 | _a34 p. ; 25 cm. | ||
| 700 | _aProf. Dr. Mrinal Satish - Supervisor Prof. Dr. Mrinal Satish - Supervisor | ||
| 856 | _uhttps://dans.nls.ac.in/handle/123456789/2206 | ||
| 999 |
_c217718 _d217718 |
||